000 00756nam a2200229Ia 4500
003 GCL
008 140319s9999 xx 000 0 ara d
040 _aGCL /
_cGCL
082 0 4 _a347
_bا م
100 1 _aاحمد ابوالوفا
245 1 0 _aالمرافعات المدنية والتجارية /
_cاحمد ابوالوفا
260 _a[S.N] :
_bمنشاة المعارف الاسلامية ،
_c1990
300 _a1011 ص
490 _aسلسلة الكتب القانونية
_v0
650 0 4 _aالقانون
650 0 4 _aقانون المرافعات
650 0 4 _aالمحاكم
650 0 4 _aالاثبات
650 0 4 _aالتداعى امام المحاكم
650 0 4 _aقانون القضاء المدنى
942 _2ddc
_cBK
999 _c35719
_d35719